00305nam a2200121Ia 4500008004100000100002100041245004200062260002700104300000800131650002000139942000700159999001700166190216s9999||||xx |||||||||||||| ||und|| aAbdul Khadar M S 0aVishudha Nabiyude Swabhava Mahadhmyam bAmina Book Stallc1987 a304 aIslamic History cBK c22285d22285